| 000 | 00492nam a22001937a 4500 | ||
|---|---|---|---|
| 003 | NUST - PNEC | ||
| 005 | 20170116180820.0 | ||
| 008 | 150616b xxu||||| |||| 00| 0 eng d | ||
| 020 | _a- | ||
| 040 | _cLIBRARY | ||
| 082 | _a510 KRE | ||
| 100 |
_94029 _aKreyszig, Erwin |
||
| 245 |
_aAdvanced engineering mathematics _cErwin Kreyszig |
||
| 250 | _a3rd ed | ||
| 260 |
_aNew York _bJohn Wiley and Sons _cc1962. |
||
| 300 | _a866 p. : | ||
| 650 |
_94032 _aMathematics _xME |
||
| 942 |
_2ddc _cBK |
||
| 999 |
_c63688 _d63688 |
||